000 00977nam a2200157 4500
999 _c3735
_d3735
020 _a9788126111831
050 _aHJ1313
100 _aKUMAR, N
245 _aPublic finance: theory and practice
_cKUMAR, N., MITTAL, R
260 _aNew Delhi
_bAnmol Publications Pvt Ltd.
_c2002
300 _a428 p.
_billus.
_c23 cm
505 _aIntroduction to public finance Sources and classification of public revenue Types of taxes Taxation and canon Principles or theories of taxation Incidence and shifting of tax Taxable capacity Effects of taxation Fiscal policy Deficit financing Budget Union budget Local finance Public debt Federal finance India finance commission and administration Income and sales tax in India Interest tax in India Gift tax in India Estate duty Wealth tax in India Public expenditure in India War finance in India Railway finance in India
650 _aFinance, Public --
_x India
700 _aMITTAL, R
942 _cBK